• 首页
  • 本馆介绍
  • 公告通知
  • 最新文献
  • 馆藏检索
  • 电子资源
  • 读者导购
  • 参考咨询
  • 我的图书馆
  • 登录
  • 详细信息显示
  • 放入我的书架
  • 预约/预借图书
  • 作者相关作品
  • 分类相关作品
  • 丛书相关作品
  • 出版社相关作品

书目信息

  • 表格格式
  • 工作单格式
  • 卡片格式
题名:
趣味图解英语词源
    
 
作者: 鲁常英 著
分册:  
出版信息: 北京   中国纺织出版社  2019
页数: 268页
开本: 24cm
丛书名:
单 册:
中图分类: H313.9-64 , H313.9
科图分类:
主题词: 英语--Ying Yu--词源--图解
电子资源:
ISBN: 978-7-5180-5940-9
000 01154nam0 2200277 450
001 012001008785
005 20140102142520.0
010    @a978-7-5180-5940-9@dCNY68.80
099    @aCAL 012019066913
100    @a20190523d2019 em y0chiy50 ea
101 2  @achi@aeng
102    @aCN@b110000
105    @aa z 000yy
106    @ar
200 1  @a趣味图解英语词源@AQu Wei Tu Jie Ying Yu Ci Yuan@f鲁常英著
210    @a北京@c中国纺织出版社@d2019
215    @a268页@c图@d24cm
312    @a封面英文题名:A guide to English elymology
330    @a面对纷繁复杂的海量词汇,到底运用什么样的方法才能快速准确地将这些单词牢牢记住呢?其实所有的文字都是人们表达思维的一种方式,英语单词也不例外,想要记得快、记得牢,就要了解每一个单词的造词思维和逻辑内涵。本书借助象形图解和逻辑推理法,将单词进行解构细分,帮助广大读者了解英语单词的演化过程,让读者真正理解单词的含义,并使记忆单词的过程变得更加生动有趣。
510 1  @aGuide to English elymology@zeng
606 0  @a英语@AYing Yu@x词源@j图解
690    @aH313.9-64@v5
690    @aH313.9@v5
701  0 @a鲁常英@ALu Chang Ying@4著
801  0 @aCN@b上海新华@c20191020
905    @b1185822-5@dH313.9-64@e880@f4
    
    趣味图解英语词源/鲁常英著.-北京:中国纺织出版社,2019
    268页:图;24cm
    
    
    ISBN 978-7-5180-5940-9:CNY68.80
    面对纷繁复杂的海量词汇,到底运用什么样的方法才能快速准确地将这些单词牢牢记住呢?其实所有的文字都是人们表达思维的一种方式,英语单词也不例外,想要记得快、记得牢,就要了解每一个单词的造词思维和逻辑内涵。本书借助象形图解和逻辑推理法,将单词进行解构细分,帮助广大读者了解英语单词的演化过程,让读者真正理解单词的含义,并使记忆单词的过程变得更加生动有趣。
●
相关链接 在E读中查询图书 在五车中查询图书 在当当中查询图书 在豆瓣中查询图书


正题名:趣味图解英语词源     索取号:H313.9-64/880         预约/预借

序号 登录号 条形码 馆藏地/架位号 状态 备注
1 1185822   211858220   第二样本阅览室/ [索取号:H313.9-64/880] 在馆    
2 1185823   211858239   第四借阅区/ [索取号:H313.9-64/880] 在馆    
3 1185824   211858248   第四借阅区/ [索取号:H313.9-64/880] 在馆    
4 1185825   211858257   第四借阅区/ [索取号:H313.9-64/880] 在馆    
唐山师范学院图书馆 欢迎您!
大连网信软件有限公司© 版权所有